01220cam a2200301 a 450000100090000000300040000900500170001300800410003001000170007101500190008801600180010702000540012502000510017902000490023002000460027903500240032504000400034905000230038908200140041210000250042624500700045126000900052130000430061150000850065450400490073960000680078873000620085615380718OSt20170128104210.0080724s2008 nyua b 000 0 eng  a 2008033017 aGBA9060642bnb7 a0148834372Uk a9781588392893 (Metropolitan Museum of Art (pbk.)) a1588392899 (Metropolitan Museum of Art (pbk.)) a9780300145441 (Yale University Press (pbk.)) a0300145446 (Yale University Press (pbk.)) a(OCoLC)ocn237788723 aDLCcDLCdC#PdBWXdYDXCPdUKMdDLC00aND623.D8bC48 200800a759.52221 aChristiansen, Keith.10aDuccio and the origins of western painting /cKeith Christiansen. aNew York :bMetropolitan Museum of Art ;aNew Haven :bYale University Press,cc2008. a61 p. :bill. (chiefly col.) ;c28 cm. a"Reprint of The Metropolitan Museum of Art bulletin (Summer, 2008)"--T.p. verso. aIncludes bibliographical references (p. 60).00aDuccio,cdi Buoninsegna,d-1319?xCriticism and interpretation.0 aBulletin of the Metropolitan Museum of Art.nSummer 2008.